[Event "Toronto Dutton CC ch"]
[Site "Toronto"]
[Date "2002.06.26"]
[Round "6"]
[White "Blakely, Matt"]
[Black "Dutton, Warren Richard"]
[Result "1-0"]
[WhiteElo "1951"]
[BlackElo "1993"]
[PlyCount "111"]
[EventDate "2002.05.22"]
[EventType "swiss"]
[EventRounds "6"]
[EventCountry "CAN"]
[SourceTitle "EXT 2022"]
[Source "ChessBase"]
[SourceDate "2021.10.06"]
[SourceVersion "1"]
[SourceVersionDate "2021.10.06"]
[SourceQuality "1"]

1. d4 Nf6 2. Nf3 d5 3. c4 e6 4. Nc3 c6 5. Bg5 Be7 6. e3 h6 7. Bh4 0-0 8. Bd3 a5 9. 0-0 Na6 10. c5 Nd7 11. Bg3 f5 12. Bxa6 Rxa6 13. Ne1 b5 14. Nd3 Nf6 15. Ne5 Kh7 16. a3 Qe8 17. b4 a4 18. f3 g5 19. Qd3 Kg7 20. e4 dxe4 21. fxe4 f4 22. Bf2 Qh5 23. Qf3 Qxf3 24. gxf3 Rd8 25. Rfd1 Bb7 26. Rac1 h5 27. h3 Raa8 28. Kh2 Rg8 29. Rg1 Kf8 30. Ne2 Re8 31. h4 Nh7 32. Rg2 Rg7 33. Rcg1 Bf6 34. Nd7+ Rxd7 35. hxg5 Nxg5 36. Rxg5 Bxg5 37. Rxg5 e5 38. Rxh5 Kg7 39. Kg2 Kg6 40. Rh4 Rh7 41. Rg4+ Kf7 42. dxe5 Bc8 43. Rxf4+ Ke7 44. Bh4+ Kd7 45. Bg3 Rxe5 46. Nd4 Reh5 47. Rf8 Re7 48. e5 Kc7 49. e6+ Kb7 50. Bd6 Rxe6 51. Rf7+ Ka8 52. Nxc6 Rg6+ 53. Kf2 Rh2+ 54. Ke3 Re6+ 55. Kf4 Rh4+ 56. Kg5 1-0